000 00706nam a2200217Ia 4500
001 15375
003 GE_BSU
008 181216s||||||||xx |||||||||||||| ||und||
040 _cGE_BSU
080 _a821.353.1-1
100 _aქუჩიშვილი,გიორგი
245 _aერთტომეული. [ლექსები]
245 _cრედ.ე.ზუბიაშვილი. მხატვ.ლ.ავალიანი
260 _aთბილისი
260 _bსაბჭოთა საქართველო
260 _c1958
300 _a399გვ.21სმ.
653 _aერთტომეული
653 _aლექსები
942 _cBK
999 _c48481
_d48481